<<A>> vendéglőben

Bibliographic Details
Main Author: Németh, István Z., 1969- (Author)
Format: Article
Language:Hungarian
Slovak
Subjects:

MARC

LEADER 00000nab a2200000 a 4500
001 vtls000880647
003 SK-MaSNL
005 20260302170325.0
008 160314c2004 xo 0 hun
015 |a SNBRB2004/08-23904 
035 |a CLN000232175 
040 |a SNKBUCL  |b slo  |c SNKBUCL  |e AACR2 
041 0 |a slo 
044 |a xo  |c SK 
080 |a 821.511.141 (437.6)-7=511.141  |2 UDC-MRF-SK2 
100 1 |a Németh, István Z.,  |d 1969-  |4 aut  |9 101438 
245 1 0 |a <<A>> vendéglőben  |c Z. Németh István 
650 0 7 |a humoresky, maďarské  |2 snkbucl  |9 870590 
773 0 |t Új szó  |g Roč. 57, č. 171 (26.7.2004), s. 9 
850 |a Slovenská národná knižnica v Martine 
852 |a SNK  |b KIS3GCP 
958 |a SK 
958 |a HU 
958 |a LX 
958 |a RBX 
999 |c 1392513  |d 1394443